Concept building approach to digital marketing (Record no. 28862)

MARC details
000 -LEADER
fixed length control field 00489nam a22001817a 4500
003 - CONTROL NUMBER IDENTIFIER
control field OSt
005 - DATE AND TIME OF LATEST TRANSACTION
control field 20250904121427.0
008 - FIXED-LENGTH DATA ELEMENTS--GENERAL INFORMATION
fixed length control field 250904b |||||||| |||| 00| 0 eng d
020 ## - INTERNATIONAL STANDARD BOOK NUMBER
ISBN 9789355730305
082 ## - DEWEY DECIMAL CLASSIFICATION NUMBER
Classification number 658.872
Item number K14C
100 ## - MAIN ENTRY--AUTHOR NAME
Personal name Kapoor, Neeru
245 ## - TITLE STATEMENT
Title Concept building approach to digital marketing
Statement of responsibility, etc By Neeru Kapoor
250 ## - EDITION STATEMENT
Edition statement 2nd ed
260 ## - PUBLICATION, DISTRIBUTION, ETC. (IMPRINT)
Place of publication India
Name of publisher Cengage learning india
Year of publication 2022
300 ## - PHYSICAL DESCRIPTION
Number of Pages xiv; 186p.
Accompanying material Pbk
653 ## - INDEX TERM--UNCONTROLLED
Uncontrolled term Digital marketing
942 ## - ADDED ENTRY ELEMENTS (KOHA)
Source of classification or shelving scheme Dewey Decimal Classification
Koha item type Books
Holdings
Withdrawn status Lost status Damaged status Not for loan Collection code Home library Current library Date acquired Source of acquisition Total Checkouts Full call number Accession Number Koha item type
        General Text Book Central University Of Rajasthan Central University Of Rajasthan 07/10/2025 COM   658.872 K14C 047119 Books